[Event "MP do 16 lat - chlopcy"]
[Site "Sypniewo"]
[Date "2022.03.21"]
[Round "3.22"]
[White "Kubik, Rafal"]
[Black "Kusiak, Mateusz"]
[Result "1-0"]
[BlackElo "1715"]
[WhiteElo "1732"]
[LiveChessVersion "1.4.8"]

1. e4 {[%clk 1:30:59]} c5 {[%clk 1:30:54]} 2. c3 {[%clk 1:31:25]} d5
{[%clk 1:31:11]} 3. exd5 {[%clk 1:31:48]} Qxd5 {[%clk 1:31:33]} 4. d4
{[%clk 1:32:11]} g6 {[%clk 1:31:49]} 5. Nf3 {[%clk 1:32:30]} Bg7 {[%clk 1:31:35]}
6. Nbd2 {[%clk 1:32:41]} cxd4 {[%clk 1:31:18]} 7. Bc4 {[%clk 1:32:55]} Qd8
{[%clk 1:30:38]} 8. Nxd4 {[%clk 1:28:50]} e5 {[%clk 1:21:08]} 9. N4f3
{[%clk 1:23:52]} Ne7 {[%clk 1:18:10]} 10. O-O {[%clk 1:21:01]} O-O
{[%clk 1:14:48]} 11. Ne4 {[%clk 1:15:06]} Qc7 {[%clk 1:12:46]} 12. Qe2
{[%clk 1:10:56]} Nbc6 {[%clk 1:03:24]} 13. a3 {[%clk 1:04:03]} h6
{[%clk 0:49:40]} 14. Rd1 {[%clk 0:58:34]} Na5 {[%clk 0:49:19]} 15. Ba2
{[%clk 0:57:54]} b6 {[%clk 0:47:17]} 16. Nd6 {[%clk 0:54:12]} Nf5
{[%clk 0:41:26]} 17. Nxf5 {[%clk 0:46:26]} Bxf5 {[%clk 0:41:44]} 18. Nh4
{[%clk 0:45:01]} Qc8 {[%clk 0:39:17]} 19. Bd5 {[%clk 0:40:57]} Rb8
{[%clk 0:38:56]} 20. Nxf5 {[%clk 0:40:41]} Qxf5 {[%clk 0:39:21]} 21. Be3
{[%clk 0:37:39]} Rfd8 {[%clk 0:33:21]} 22. f3 {[%clk 0:33:55]} Rd7
{[%clk 0:25:30]} 23. b4 {[%clk 0:30:20]} Nb7 {[%clk 0:25:47]} 24. Rac1
{[%clk 0:30:05]} Nd8 {[%clk 0:22:24]} 25. c4 {[%clk 0:23:54]} Rc8
{[%clk 0:16:47]} 26. c5 {[%clk 0:22:28]} Rdc7 {[%clk 0:13:01]} 27. Qd2
{[%clk 0:18:04]} bxc5 {[%clk 0:12:28]} 28. Bxc5 {[%clk 0:15:18]} Qd7
{[%clk 0:06:05]} 29. Qc2 {[%clk 0:13:15]} Qb5 {[%clk 0:06:28]} 30. Qxg6
{[%clk 0:10:39]} Rxc5 {[%clk 0:05:20]} 31. bxc5 {[%clk 0:10:25]} Rxc5
{[%clk 0:05:42]} 32. Qd6 {[%clk 0:09:02]} Bf8 1-0

[Event "MP do 16 lat - chlopcy"]
[Site "Sypniewo"]
[Date "2022.03.21"]
[Round "3.23"]
[White "Bancarewicz, Aleks"]
[Black "Grzadka, Artur"]
[Result "0-1"]
[BlackElo "1710"]
[WhiteElo "1870"]
[LiveChessVersion "1.4.8"]

1. e4 {[%clk 1:30:57]} c6 {[%clk 1:30:55]} 2. d4 {[%clk 1:31:24]} d5
{[%clk 1:31:21]} 3. Nc3 {[%clk 1:31:50]} dxe4 {[%clk 1:31:40]} 4. Nxe4
{[%clk 1:32:15]} Nf6 {[%clk 1:32:03]} 5. Nxf6+ {[%clk 1:32:18]} exf6
{[%clk 1:32:28]} 6. Bc4 {[%clk 1:32:17]} Na6 {[%clk 1:31:21]} 7. h3
{[%clk 1:16:09]} Be7 {[%clk 1:30:26]} 8. Nf3 {[%clk 1:15:47]} O-O
{[%clk 1:30:32]} 9. O-O {[%clk 1:15:19]} Nc7 {[%clk 1:29:55]} 10. Bf4
{[%clk 1:01:01]} Nd5 {[%clk 1:24:34]} 11. Bh2 {[%clk 0:55:27]} Bd6
{[%clk 1:20:32]} 12. Bxd6 {[%clk 0:53:09]} Qxd6 {[%clk 1:20:53]} 13. Bxd5
{[%clk 0:53:36]} Qxd5 {[%clk 1:21:06]} 14. Re1 {[%clk 0:53:50]} Bf5
{[%clk 1:10:04]} 15. Qe2 {[%clk 0:44:33]} b5 {[%clk 1:06:17]} 16. a4
{[%clk 0:40:39]} b4 {[%clk 0:59:35]} 17. a5 {[%clk 0:28:56]} h6 {[%clk 0:49:14]}
18. a6 {[%clk 0:20:53]} Be6 {[%clk 0:44:27]} 19. Ra4 {[%clk 0:17:19]} Rab8
{[%clk 0:43:54]} 20. Rea1 {[%clk 0:17:02]} Rb5 {[%clk 0:39:38]} 21. Qe3
{[%clk 0:12:43]} Re8 {[%clk 0:32:16]} 22. Qf4 {[%clk 0:08:39]} Re7
{[%clk 0:24:25]} 23. Qd2 {[%clk 0:03:24]} Qd6 {[%clk 0:16:54]} 24. c3
{[%clk 0:03:11]} bxc3 {[%clk 0:13:43]} 25. bxc3 {[%clk 0:03:25]} Bb3
{[%clk 0:13:18]} 26. Ra5 {[%clk 0:01:34]} Bc4 {[%clk 0:12:24]} 27. Rxb5
{[%clk 0:00:36]} cxb5 {[%clk 0:12:46]} 28. Re1 {[%clk 0:00:33]} Rxe1+
{[%clk 0:13:00]} 29. Qxe1 {[%clk 0:00:54]} Qxa6 {[%clk 0:13:24]} 30. Qe8+
{[%clk 0:00:40]} Kh7 {[%clk 0:13:48]} 31. Qe4+ {[%clk 0:00:44]} g6
{[%clk 0:13:39]} 32. Qe7 {[%clk 0:00:34]} Bd5 {[%clk 0:08:56]} 33. Qc5
{[%clk 0:00:32]} Qb7 {[%clk 0:08:42]} 34. Ne1 {[%clk 0:00:32]} a5
{[%clk 0:08:13]} 35. Nd3 {[%clk 0:00:33]} Bxg2 {[%clk 0:05:34]} 36. Nf4
{[%clk 0:00:51]} Be4 {[%clk 0:06:02]} 37. d5 {[%clk 0:00:33]} g5 {[%clk 0:05:18]}
38. Qd4 {[%clk 0:01:02]} gxf4 {[%clk 0:04:48]} 39. Qxe4+ {[%clk 0:01:31]} Kg7
{[%clk 0:05:00]} 40. c4 {[%clk 0:30:41]} bxc4 {[%clk 0:30:48]} 41. Qxc4
{[%clk 0:30:07]} Qb4 {[%clk 0:28:15]} 42. Qe2 {[%clk 0:23:58]} Qb1+
{[%clk 0:18:29]} 43. Kh2 {[%clk 0:23:39]} Qf5 {[%clk 0:16:47]} 44. d6
{[%clk 0:20:49]} f3 {[%clk 0:14:34]} 45. Qe3 {[%clk 0:19:25]} a4 {[%clk 0:11:20]}
46. Kg3 {[%clk 0:17:54]} h5 {[%clk 0:11:01]} 47. Qd4 {[%clk 0:10:23]} a3
{[%clk 0:04:58]} 48. d7 {[%clk 0:03:19]} h4+ {[%clk 0:04:26]} 49. Kh2
{[%clk 0:01:52]} Qg5 {[%clk 0:04:24]} 50. Qg4 {[%clk 0:01:30]} Qxg4
{[%clk 0:04:52]} 51. hxg4 {[%clk 0:01:55]} a2 {[%clk 0:05:14]} 52. d8=Q
{[%clk 0:02:19]} a1=Q {[%clk 0:05:36]} 53. Qd3 {[%clk 0:01:43]} Qe5+
{[%clk 0:05:26]} 54. Kh3 {[%clk 0:01:44]} Qe2 {[%clk 0:05:30]} 55. Qd4
{[%clk 0:01:39]} Qf1+ {[%clk 0:04:34]} 56. Kxh4 {[%clk 0:02:03]} Qg2
{[%clk 0:04:50]} 57. g5 {[%clk 0:01:48]} Qxg5+ {[%clk 0:04:30]} 58. Kh3
{[%clk 0:02:17]} Kg6 {[%clk 0:02:20]} 59. Qd8 {[%clk 0:00:33]} Qg2+
{[%clk 0:02:07]} 60. Kh4 {[%clk 0:01:02]} Qxf2+ {[%clk 0:01:51]} 61. Kg4
{[%clk 0:01:31]} Qg2+ {[%clk 0:01:55]} 62. Kf4 {[%clk 0:01:55]} Kg7
{[%clk 0:02:19]} 63. Qa8 {[%clk 0:01:45]} Qh2+ {[%clk 0:02:12]} 64. Ke3
{[%clk 0:01:49]} Qg1+ {[%clk 0:02:25]} 65. Kxf3 {[%clk 0:01:39]} Qh1+
{[%clk 0:02:49]} 66. Kf2 {[%clk 0:02:08]} Qxa8 {[%clk 0:03:10]} 0-1

[Event "MP do 16 lat - chlopcy"]
[Site "Sypniewo"]
[Date "2022.03.21"]
[Round "3.24"]
[White "Pancewicz, Szymon"]
[Black "Pisarek, Jan"]
[Result "1/2-1/2"]
[BlackElo "1703"]
[WhiteElo "1814"]
[LiveChessVersion "1.4.8"]

1. e4 {[%clk 1:30:46]} c5 {[%clk 1:30:56]} 2. Nf3 {[%clk 1:31:10]} Nc6
{[%clk 1:31:18]} 3. d4 {[%clk 1:31:08]} cxd4 {[%clk 1:31:41]} 4. Nxd4
{[%clk 1:31:28]} e5 {[%clk 1:32:04]} 5. Nb5 {[%clk 1:29:47]} a6 {[%clk 1:32:27]}
6. Nd6+ {[%clk 1:28:43]} Bxd6 {[%clk 1:32:49]} 7. Qxd6 {[%clk 1:29:07]} Qe7
{[%clk 1:33:12]} 8. Qxe7+ {[%clk 1:21:48]} Ngxe7 {[%clk 1:33:34]} 9. Nc3
{[%clk 1:20:40]} Nb4 {[%clk 1:33:52]} 10. Bd3 {[%clk 1:18:08]} d5
{[%clk 1:33:54]} 11. a3 {[%clk 1:09:36]} Nxd3+ {[%clk 1:31:01]} 12. cxd3
{[%clk 1:09:50]} Be6 {[%clk 1:28:42]} 13. f4 {[%clk 1:03:32]} exf4
{[%clk 1:24:36]} 14. Bxf4 {[%clk 1:01:50]} dxe4 {[%clk 1:23:43]} 15. dxe4
{[%clk 1:00:20]} O-O {[%clk 1:22:21]} 16. Kf2 {[%clk 0:54:53]} Ng6
{[%clk 1:17:35]} 17. g3 {[%clk 0:49:48]} Rfd8 {[%clk 1:14:08]} 18. Rhd1
{[%clk 0:47:23]} Bb3 {[%clk 1:12:35]} 19. Rxd8+ {[%clk 0:45:23]} Rxd8
{[%clk 1:13:00]} 20. Ke3 {[%clk 0:44:07]} f6 {[%clk 1:06:35]} 21. Rc1
{[%clk 0:42:22]} Nf8 {[%clk 0:59:11]} 22. h4 {[%clk 0:28:12]} Ne6
{[%clk 0:58:36]} 23. Nb1 {[%clk 0:26:43]} Ba4 {[%clk 0:40:03]} 24. Nd2
{[%clk 0:20:42]} h6 {[%clk 0:35:49]} 25. Rc3 {[%clk 0:17:07]} Bc6
{[%clk 0:20:43]} 26. Rd3 {[%clk 0:14:48]} Rxd3+ {[%clk 0:14:41]} 27. Kxd3
{[%clk 0:15:16]} Kf7 {[%clk 0:14:46]} 28. Bd6 {[%clk 0:13:03]} g5
{[%clk 0:13:57]} 29. Nf3 {[%clk 0:10:54]} Kg6 {[%clk 0:10:01]} 30. hxg5
{[%clk 0:09:23]} hxg5 {[%clk 0:08:23]} 31. Nd4 {[%clk 0:07:49]} 1/2-1/2

[Event "MP do 16 lat - chlopcy"]
[Site "Sypniewo"]
[Date "2022.03.21"]
[Round "3.25"]
[White "Kotowicz, Kamil"]
[Black "Jendrowiak, Maciej"]
[Result "1/2-1/2"]
[BlackElo "1650"]
[WhiteElo "1764"]
[LiveChessVersion "1.4.8"]

1. f4 {[%clk 1:30:41]} Nf6 {[%clk 1:29:00]} 2. Nf3 {[%clk 1:30:53]} d5
{[%clk 1:28:30]} 3. e3 {[%clk 1:31:04]} g6 {[%clk 1:28:30]} 4. d4
{[%clk 1:28:20]} Nbd7 {[%clk 1:26:34]} 5. c4 {[%clk 1:27:56]} e6 {[%clk 1:25:14]}
6. Nc3 {[%clk 1:27:59]} Bg7 {[%clk 1:25:15]} 7. Bd3 {[%clk 1:28:18]} O-O
{[%clk 1:23:56]} 8. O-O {[%clk 1:27:55]} b6 {[%clk 1:22:48]} 9. Ne5
{[%clk 1:26:10]} Bb7 {[%clk 1:22:34]} 10. b3 {[%clk 1:25:51]} c5 {[%clk 1:21:18]}
11. g4 {[%clk 1:25:06]} Nxe5 {[%clk 1:19:31]} 12. dxe5 {[%clk 1:24:41]} Ne8
{[%clk 1:15:52]} 13. Bb2 {[%clk 1:14:10]} Nc7 {[%clk 1:13:17]} 14. g5
{[%clk 1:12:12]} Qe7 {[%clk 1:08:23]} 15. Qe2 {[%clk 1:11:15]} dxc4
{[%clk 0:59:16]} 16. bxc4 {[%clk 1:10:43]} Bxe5 {[%clk 0:58:02]} 17. Nd5
{[%clk 1:07:03]} exd5 {[%clk 0:49:37]} 18. Bxe5 {[%clk 1:07:25]} Ne8
{[%clk 0:41:43]} 19. cxd5 {[%clk 1:05:59]} Bxd5 {[%clk 0:41:58]} 20. e4
{[%clk 1:06:21]} Bb7 {[%clk 0:41:39]} 21. h4 {[%clk 1:04:17]} Rc8
{[%clk 0:31:15]} 22. h5 {[%clk 1:02:05]} c4 {[%clk 0:26:53]} 23. hxg6
{[%clk 1:01:54]} hxg6 {[%clk 0:27:11]} 24. Qh2 {[%clk 0:59:51]} f6
{[%clk 0:26:56]} 25. gxf6 {[%clk 0:59:40]} Nxf6 {[%clk 0:25:58]} 26. Bc2
{[%clk 0:59:12]} Qh7 {[%clk 0:23:10]} 27. Qg2 {[%clk 0:58:14]} Qh5
{[%clk 0:18:25]} 28. Rf3 {[%clk 0:55:30]} Nxe4 {[%clk 0:11:23]} 29. Rh3
{[%clk 0:54:29]} Nf6 {[%clk 0:11:38]} 30. Rxh5 {[%clk 0:53:17]} Bxg2
{[%clk 0:11:56]} 31. Rg5 {[%clk 0:53:33]} Be4 {[%clk 0:11:48]} 1/2-1/2

[Event "MP do 16 lat - chlopcy"]
[Site "Sypniewo"]
[Date "2022.03.21"]
[Round "3.26"]
[White "Wydmanski, Szymon"]
[Black "Garwacki, Kornel"]
[Result "1-0"]
[BlackElo "1512"]
[WhiteElo "1756"]
[LiveChessVersion "1.4.8"]

1. e4 {[%clk 1:30:58]} e5 {[%clk 1:30:56]} 2. Nf3 {[%clk 1:31:23]} Nc6
{[%clk 1:31:23]} 3. Bc4 {[%clk 1:31:30]} Nf6 {[%clk 1:31:48]} 4. d3
{[%clk 1:31:39]} h6 {[%clk 1:32:13]} 5. Nbd2 {[%clk 1:31:28]} d6 {[%clk 1:32:25]}
6. c3 {[%clk 1:30:47]} Qe7 {[%clk 1:32:03]} 7. O-O {[%clk 1:28:07]} g5
{[%clk 1:31:28]} 8. d4 {[%clk 1:07:06]} g4 {[%clk 1:25:00]} 9. dxe5
{[%clk 1:06:54]} dxe5 {[%clk 1:24:11]} 10. Nh4 {[%clk 1:00:27]} Nxe4
{[%clk 1:16:22]} 11. Nxe4 {[%clk 0:57:29]} Qxh4 {[%clk 1:16:16]} 12. Qb3
{[%clk 0:53:18]} Rh7 {[%clk 1:13:02]} 13. Be3 {[%clk 0:41:33]} f5
{[%clk 1:00:34]} 14. Bg8 {[%clk 0:33:25]} Rg7 {[%clk 0:56:40]} 15. g3
{[%clk 0:31:38]} Qh3 {[%clk 0:43:49]} 16. Nf6+ {[%clk 0:25:56]} Kd8
{[%clk 0:43:48]} 17. Rad1+ {[%clk 0:23:31]} Bd6 {[%clk 0:43:56]} 18. Bc5
{[%clk 0:19:27]} f4 {[%clk 0:36:08]} 19. Bxd6 {[%clk 0:08:54]} cxd6
{[%clk 0:13:04]} 20. Rxd6+ {[%clk 0:07:30]} Kc7 {[%clk 0:12:07]} 21. Ne8+
{[%clk 0:04:36]} Kb8 {[%clk 0:12:34]} 22. Rxc6 {[%clk 0:04:39]} f3
{[%clk 0:10:23]} 23. Rxc8+ {[%clk 0:04:16]} Kxc8 {[%clk 0:10:52]} 24. Qe6+
{[%clk 0:00:49]} Rd7 {[%clk 0:10:43]} 25. Nd6+ {[%clk 0:00:57]} Kc7
{[%clk 0:05:12]} 26. Nb5+ {[%clk 0:00:45]} Kd8 {[%clk 0:04:35]} 27. Qf6+
{[%clk 0:01:04]} Ke8 {[%clk 0:04:24]} 28. Bf7+ {[%clk 0:00:41]} Rxf7
{[%clk 0:02:45]} 29. Nd6+ {[%clk 0:00:56]} Kd7 {[%clk 0:03:13]} 30. Qxf7+
{[%clk 0:01:17]} Kc6 {[%clk 0:02:59]} 31. Qxb7+ {[%clk 0:01:20]} Kxd6
{[%clk 0:03:22]} 32. Rd1+ {[%clk 0:01:44]} Ke6 {[%clk 0:03:30]} 33. Qd7+
{[%clk 0:01:45]} Kf6 {[%clk 0:03:59]} 34. Rd6+ {[%clk 0:01:21]} Kg5
{[%clk 0:04:24]} 35. Qg7+ {[%clk 0:01:24]} Kf5 {[%clk 0:04:31]} 36. Qg6#
{[%clk 0:01:14]} 1-0

[Event "MP do 16 lat - chlopcy"]
[Site "Sypniewo"]
[Date "2022.03.22"]
[Round "4.1"]
[White "Klimkowski, Jan"]
[Black "Malek, Jan"]
[Result "0-1"]
[BlackElo "2230"]
[WhiteElo "2350"]
[LiveChessVersion "1.4.8"]

1. e4 {[%clk 1:30:54]} c5 {[%clk 1:30:53]} 2. Nf3 {[%clk 1:31:18]} Nc6
{[%clk 1:31:19]} 3. d4 {[%clk 1:31:46]} cxd4 {[%clk 1:31:44]} 4. Nxd4
{[%clk 1:32:12]} g6 {[%clk 1:32:07]} 5. c4 {[%clk 1:32:37]} Bg7 {[%clk 1:32:33]}
6. Be3 {[%clk 1:33:04]} Qb6 {[%clk 1:32:57]} 7. Nb3 {[%clk 1:33:26]} Qd8
{[%clk 1:33:21]} 8. Nd4 {[%clk 1:33:53]} Qb6 {[%clk 1:33:46]} 9. Nb3
{[%clk 1:34:19]} Qd8 {[%clk 1:34:11]} 10. Qd2 {[%clk 1:34:44]} Nf6
{[%clk 1:34:35]} 11. Nc3 {[%clk 1:35:09]} Ng4 {[%clk 1:35:02]} 12. Bf4
{[%clk 1:35:34]} d6 {[%clk 1:35:27]} 13. h3 {[%clk 1:36:00]} Nf6 {[%clk 1:35:53]}
14. Bh6 {[%clk 1:36:20]} O-O {[%clk 1:36:17]} 15. Bxg7 {[%clk 1:36:48]} Kxg7
{[%clk 1:36:41]} 16. O-O-O {[%clk 1:37:16]} Be6 {[%clk 1:36:09]} 17. Kb1
{[%clk 1:37:39]} Rc8 {[%clk 1:33:02]} 18. Qe3 {[%clk 1:37:32]} Qb6
{[%clk 1:13:50]} 19. Qxb6 {[%clk 1:37:54]} axb6 {[%clk 1:14:15]} 20. Nd4
{[%clk 1:38:16]} Nxd4 {[%clk 1:11:40]} 21. Rxd4 {[%clk 1:38:37]} Rc5
{[%clk 1:09:28]} 22. Be2 {[%clk 1:35:08]} Nd7 {[%clk 0:59:27]} 23. f4
{[%clk 1:21:23]} f5 {[%clk 0:54:09]} 24. Bd3 {[%clk 1:20:53]} Nb8
{[%clk 0:46:54]} 25. b4 {[%clk 1:01:52]} Rcc8 {[%clk 0:45:40]} 26. b5
{[%clk 0:59:17]} Nd7 {[%clk 0:45:41]} 27. exf5 {[%clk 0:57:21]} gxf5
{[%clk 0:44:54]} 28. Re1 {[%clk 0:56:00]} Nc5 {[%clk 0:44:59]} 29. g4
{[%clk 0:49:00]} fxg4 {[%clk 0:36:46]} 30. hxg4 {[%clk 0:49:18]} Rxf4
{[%clk 0:23:25]} 31. Rxf4 {[%clk 0:26:49]} Nxd3 {[%clk 0:23:49]} 32. Rxe6
{[%clk 0:27:02]} Nxf4 {[%clk 0:24:14]} 33. Rxe7+ {[%clk 0:26:59]} Kf6
{[%clk 0:24:35]} 34. Rxb7 {[%clk 0:25:32]} Rxc4 {[%clk 0:24:59]} 35. Kb2
{[%clk 0:25:17]} Ke5 {[%clk 0:25:23]} 36. Rxh7 {[%clk 0:22:24]} Kd4
{[%clk 0:25:27]} 37. Nb1 {[%clk 0:21:24]} Rb4+ {[%clk 0:17:15]} 38. Kc2
{[%clk 0:21:16]} Nd3 {[%clk 0:15:22]} 39. Na3 {[%clk 0:19:22]} Rb2+
{[%clk 0:15:29]} 40. Kd1 {[%clk 0:49:39]} Rxa2 {[%clk 0:43:15]} 41. Nb1
{[%clk 0:25:34]} Nf2+ {[%clk 0:33:43]} 42. Kc1 {[%clk 0:25:47]} Kd3
{[%clk 0:33:38]} 43. Rc7 {[%clk 0:26:09]} Ne4 {[%clk 0:33:53]} 44. Rc6
{[%clk 0:20:13]} d5 {[%clk 0:33:08]} 45. Rxb6 {[%clk 0:18:31]} Rc2+
{[%clk 0:30:13]} 46. Kd1 {[%clk 0:18:56]} Nf2+ {[%clk 0:30:13]} 47. Ke1
{[%clk 0:19:00]} Nxg4 {[%clk 0:28:28]} 48. Rc6 {[%clk 0:19:19]} Re2+
{[%clk 0:28:51]} 49. Kd1 {[%clk 0:18:33]} Ne3+ {[%clk 0:29:14]} 50. Kc1
{[%clk 0:18:55]} Nc4 {[%clk 0:29:34]} 51. Kd1 {[%clk 0:19:14]} Rb2
{[%clk 0:29:39]} 0-1

[Event "MP do 16 lat - chlopcy"]
[Site "Sypniewo"]
[Date "2022.03.22"]
[Round "4.2"]
[White "Wojdak, Jan"]
[Black "Karolczuk, Iwo"]
[Result "1/2-1/2"]
[BlackElo "2328"]
[WhiteElo "2143"]
[LiveChessVersion "1.4.8"]

1. e4 {[%clk 1:30:57]} e5 {[%clk 1:30:53]} 2. Nf3 {[%clk 1:31:17]} Nc6
{[%clk 1:31:17]} 3. Bb5 {[%clk 1:31:40]} a6 {[%clk 1:31:39]} 4. Ba4
{[%clk 1:32:03]} Nf6 {[%clk 1:30:58]} 5. O-O {[%clk 1:32:22]} Be7
{[%clk 1:31:16]} 6. d3 {[%clk 1:31:47]} b5 {[%clk 1:31:33]} 7. Bb3
{[%clk 1:32:11]} d6 {[%clk 1:31:54]} 8. a4 {[%clk 1:31:54]} Bd7 {[%clk 1:32:13]}
9. Bd2 {[%clk 1:32:15]} O-O {[%clk 1:30:56]} 10. h3 {[%clk 1:32:05]} h6
{[%clk 1:28:17]} 11. Nc3 {[%clk 1:31:21]} Na5 {[%clk 1:22:23]} 12. Ba2
{[%clk 1:31:03]} b4 {[%clk 1:18:41]} 13. Ne2 {[%clk 1:12:12]} Rb8
{[%clk 1:16:48]} 14. Ng3 {[%clk 1:12:12]} c5 {[%clk 1:09:14]} 15. Nh2
{[%clk 1:11:32]} Qc7 {[%clk 1:02:50]} 16. Ng4 {[%clk 1:03:33]} c4
{[%clk 0:51:56]} 17. dxc4 {[%clk 0:57:31]} Nxc4 {[%clk 0:47:59]} 18. Bc1
{[%clk 0:57:57]} Be6 {[%clk 0:39:20]} 19. Qf3 {[%clk 0:54:59]} Nxg4
{[%clk 0:28:37]} 20. hxg4 {[%clk 0:55:25]} Bg5 {[%clk 0:28:49]} 21. Nf5
{[%clk 0:46:34]} Bxc1 {[%clk 0:28:00]} 22. Rfxc1 {[%clk 0:46:59]} Nxb2
{[%clk 0:26:06]} 23. g5 {[%clk 0:42:02]} hxg5 {[%clk 0:24:23]} 24. Qh5
{[%clk 0:41:13]} Qd8 {[%clk 0:22:18]} 25. Bxe6 {[%clk 0:15:49]} fxe6
{[%clk 0:22:42]} 26. Nh6+ {[%clk 0:16:18]} gxh6 {[%clk 0:23:05]} 27. Qg6+
{[%clk 0:16:46]} Kh8 {[%clk 0:23:27]} 28. Qxh6+ {[%clk 0:17:14]} Kg8
{[%clk 0:23:51]} 29. Qg6+ {[%clk 0:17:37]} Kh8 {[%clk 0:24:13]} 30. Qh6+
{[%clk 0:17:52]} Kg8 {[%clk 0:24:36]} 31. Qg6+ {[%clk 0:17:10]} Kh8
{[%clk 0:25:01]} 1/2-1/2

[Event "MP do 16 lat - chlopcy"]
[Site "Sypniewo"]
[Date "2022.03.22"]
[Round "4.3"]
[White "Fiszer, Bartosz"]
[Black "Rog, Bartlomiej"]
[Result "1-0"]
[BlackElo "2143"]
[WhiteElo "2226"]
[LiveChessVersion "1.4.8"]

1. e4 {[%clk 1:30:56]} c6 {[%clk 1:30:49]} 2. d4 {[%clk 1:31:22]} d5
{[%clk 1:31:12]} 3. Nd2 {[%clk 1:31:43]} dxe4 {[%clk 1:31:33]} 4. Nxe4
{[%clk 1:32:09]} Bf5 {[%clk 1:31:54]} 5. Ng3 {[%clk 1:32:36]} Bg6
{[%clk 1:32:14]} 6. h4 {[%clk 1:33:04]} h6 {[%clk 1:32:34]} 7. Nf3
{[%clk 1:33:31]} Nd7 {[%clk 1:32:53]} 8. h5 {[%clk 1:33:58]} Bh7 {[%clk 1:33:14]}
9. Bd3 {[%clk 1:34:26]} Bxd3 {[%clk 1:33:32]} 10. Qxd3 {[%clk 1:34:54]} e6
{[%clk 1:33:52]} 11. Bd2 {[%clk 1:35:00]} Ngf6 {[%clk 1:34:12]} 12. O-O-O
{[%clk 1:34:23]} Be7 {[%clk 1:34:34]} 13. Ne4 {[%clk 1:33:55]} O-O
{[%clk 1:34:54]} 14. Nxf6+ {[%clk 1:27:02]} Nxf6 {[%clk 1:35:09]} 15. Ne5
{[%clk 1:25:23]} c5 {[%clk 1:32:54]} 16. dxc5 {[%clk 1:10:06]} Bxc5
{[%clk 1:30:07]} 17. Qf3 {[%clk 1:05:10]} Qd5 {[%clk 1:27:14]} 18. Qxd5
{[%clk 1:04:48]} Nxd5 {[%clk 1:27:34]} 19. Nd3 {[%clk 1:00:14]} Rac8
{[%clk 1:24:20]} 20. Kb1 {[%clk 0:56:59]} Bd4 {[%clk 1:19:15]} 21. c3
{[%clk 0:57:02]} Bf6 {[%clk 1:17:50]} 22. f4 {[%clk 0:54:01]} Rfd8
{[%clk 1:15:48]} 23. g4 {[%clk 0:51:34]} b5 {[%clk 1:10:50]} 24. Rh3
{[%clk 0:36:37]} Rc4 {[%clk 1:02:51]} 25. g5 {[%clk 0:35:27]} hxg5
{[%clk 1:01:10]} 26. fxg5 {[%clk 0:34:05]} Be7 {[%clk 1:01:30]} 27. h6
{[%clk 0:33:12]} gxh6 {[%clk 0:56:35]} 28. gxh6 {[%clk 0:25:00]} Bf6
{[%clk 0:47:34]} 29. Rf1 {[%clk 0:16:23]} e5 {[%clk 0:33:59]} 30. h7+
{[%clk 0:13:45]} Kh8 {[%clk 0:34:04]} 31. Bg5 {[%clk 0:06:50]} Rd6
{[%clk 0:24:04]} 32. Bxf6+ {[%clk 0:06:59]} Rxf6 {[%clk 0:23:34]} 33. Rxf6
{[%clk 0:07:24]} Nxf6 {[%clk 0:23:54]} 34. Nxe5 {[%clk 0:07:44]} Rc7
{[%clk 0:24:14]} 35. Rf3 {[%clk 0:07:39]} Nxh7 {[%clk 0:24:17]} 36. Nxf7+
{[%clk 0:07:29]} Kg7 {[%clk 0:24:32]} 37. Nd6 {[%clk 0:07:51]} a6
{[%clk 0:23:35]} 1-0

[Event "MP do 16 lat - chlopcy"]
[Site "Sypniewo"]
[Date "2022.03.22"]
[Round "4.4"]
[White "Myrmus, Mateusz"]
[Black "Chyzy, Jakub"]
[Result "1/2-1/2"]
[BlackElo "2227"]
[WhiteElo "1925"]
[LiveChessVersion "1.4.8"]

1. e4 {[%clk 1:30:58]} e6 {[%clk 1:30:56]} 2. d4 {[%clk 1:31:21]} d5
{[%clk 1:31:23]} 3. Nd2 {[%clk 1:31:45]} Nf6 {[%clk 1:31:46]} 4. e5
{[%clk 1:32:08]} Nfd7 {[%clk 1:32:12]} 5. Bd3 {[%clk 1:32:31]} c5
{[%clk 1:32:37]} 6. c3 {[%clk 1:32:55]} Nc6 {[%clk 1:33:04]} 7. Ne2
{[%clk 1:33:18]} cxd4 {[%clk 1:33:29]} 8. cxd4 {[%clk 1:33:44]} f6
{[%clk 1:33:55]} 9. exf6 {[%clk 1:34:05]} Nxf6 {[%clk 1:34:17]} 10. Nf3
{[%clk 1:34:25]} Bd6 {[%clk 1:34:43]} 11. Bf4 {[%clk 1:34:49]} Bxf4
{[%clk 1:34:40]} 12. Nxf4 {[%clk 1:35:14]} O-O {[%clk 1:35:04]} 13. O-O
{[%clk 1:35:39]} Ng4 {[%clk 1:35:14]} 14. Ne2 {[%clk 1:27:32]} Qd6
{[%clk 1:35:13]} 15. Ng3 {[%clk 1:26:44]} e5 {[%clk 1:35:22]} 16. dxe5
{[%clk 1:25:25]} Ngxe5 {[%clk 1:35:32]} 17. Nxe5 {[%clk 1:22:57]} Nxe5
{[%clk 1:35:55]} 18. Qc2 {[%clk 1:20:41]} h6 {[%clk 1:25:17]} 19. Rac1
{[%clk 1:14:29]} Bd7 {[%clk 1:21:56]} 20. Qc7 {[%clk 0:58:08]} Qxc7
{[%clk 1:10:53]} 21. Rxc7 {[%clk 0:58:30]} Rac8 {[%clk 1:10:19]} 22. Rxc8
{[%clk 0:58:46]} Rxc8 {[%clk 1:10:41]} 23. Bb1 {[%clk 0:58:18]} Nc4
{[%clk 1:10:11]} 24. Bf5 {[%clk 0:54:56]} Rd8 {[%clk 0:43:28]} 25. b3
{[%clk 0:52:34]} Nd6 {[%clk 0:43:12]} 26. Bxd7 {[%clk 0:52:07]} Rxd7
{[%clk 0:43:41]} 27. Rd1 {[%clk 0:51:30]} Nb5 {[%clk 0:39:58]} 28. Ne2
{[%clk 0:48:23]} Kf7 {[%clk 0:27:10]} 29. Kf1 {[%clk 0:48:24]} a5
{[%clk 0:24:40]} 30. Nd4 {[%clk 0:44:39]} Nxd4 {[%clk 0:15:32]} 31. Rxd4
{[%clk 0:45:00]} Ke6 {[%clk 0:15:57]} 32. Ke2 {[%clk 0:44:57]} Rc7
{[%clk 0:13:01]} 33. Kd2 {[%clk 0:45:01]} b5 {[%clk 0:12:59]} 34. Rd3
{[%clk 0:45:01]} b4 {[%clk 0:12:54]} 35. Re3+ {[%clk 0:45:14]} Kf7
{[%clk 0:07:31]} 36. Re1 {[%clk 0:43:58]} Rc3 {[%clk 0:06:49]} 37. Re5
{[%clk 0:43:55]} a4 {[%clk 0:06:04]} 38. Rxd5 {[%clk 0:41:09]} 1/2-1/2